000
00230nmm a2200097Ia 4500
008
220120s9999||||xx |||||||||||||||||und||
082
_a
005.276 SCE
100
_a
Sceppa, David
_9
5370
245
0
_a
Microsoft ADO .NET
260
_c
2003
999
_c
139382
_d
139382